00497nam a2200205Ia 4500008004100000020001800041245001600059245002400075245005200099260001500151260001600166260000900182300001500191300002500206300001000231440001700241440000600258500000800264999001900272170705s9999 xx 000 0 und d a9780545000901 aClue crew : bsleepover sleuths / cCarolyn Keene ; illustrated by Macky Pamintuan. aNew York : bScholastic, c2006 a81 pages : bcolor illustration ; c19cm. aNancy Drew ; v1 a580 c335940d335940